000 00642nam a2200169 i 4500
001 93717
003 ES-MaACL
005 20230906181312.0
007 t|
008 050418s1957 sp ||||1| spa d
100 1 _aLópez Bustos, Carlos.
_973473
245 1 0 _aEinstein
_b: su vida, su obra y su carácter. (Discurso de apertura del curso académico 1957-1958) /
_cCarlos López Bustos.
260 _aCiudad Real :
_bInstituto de Enseñanza Media "Maestro Juan de Avila",
_c1957.
300 _a38 p. ;
_c22 cm.
710 1 _aInstituto de Enseñanza Media "Maestro Juan de Avila" (Ciudad Real)
_94872
852 _aES-MaACL
_j1931-F-21
_bR.41165
999 _c93717
_d93717